Nové normy STN, zmeny noriem vydané a oznámené a normy zrušené v januári až marci 2008 z oblasti zvárania a zváraných konštrukcií

Bibliographic Details
Main Author: Jajcay, Alojz, 1939- (Author)
Format: Article
Language:Slovak
ISSN:0044-5525
Subjects:

MARC

LEADER 00000nab a2200000 a 4500
001 vtls010256664
003 SK-MaSNL
005 20260303125022.0
008 14052230c2008 xo o |||||||||||||||b|sl
015 |a SNBRB2008/05 
035 |a SVKKK000089719 
038 |a SVKKK 
040 |a SVKKK  |b slo  |c SVKKK  |e AACR2 
041 0 |a slo 
044 |a xo  |c SK 
080 |a 621.791:006.3/.8  |2 1997 
080 |a 006.3/.8  |2 1997 
100 1 |a Jajcay, Alojz,  |d 1939-  |4 aut  |9 222089 
245 1 0 |a Nové normy STN, zmeny noriem vydané a oznámené a normy zrušené v januári až marci 2008 z oblasti zvárania a zváraných konštrukcií  |c Alojz Jajcay 
650 0 7 |a normy  |x zváranie  |y január-marec 2008  |x platnosť  |2 snkbucl  |9 1142993 
650 0 7 |a zváranie  |2 snkbucl  |9 1839 
773 0 |t Zváranie = Svařování  |g Roč. 57, č. 3 (2008), s. 84-85  |x 0044-5525 
852 |a SVKKK  |b BIB 
999 |c 1932608  |d 1934538